| 000 | 00889cam a2200289 i 4500 | ||
|---|---|---|---|
| 001 | 27321 | ||
| 003 | BD-RjUL | ||
| 005 | 20211209051135.0 | ||
| 008 | 140325s1960 enkcb b 001 0beng | ||
| 020 | _a0195772016 : | ||
| 035 | _a(BD-RjUL)27393 | ||
| 040 |
_aDLC _cDLC _dDLC _dBD-RjUL _beng |
||
| 041 | _aeng | ||
| 082 | 0 | 0 |
_a954.9180310924 _bLAJ 1960 |
| 100 | 1 |
_aLambrick, H. T. _980950 |
|
| 245 | 0 | 0 |
_aJohn Jacob of Jacobabad / _cby H. T. Lambrick. |
| 260 |
_aLondon : _bCassell, _cc1960. |
||
| 300 |
_ax, 465 p. : _bPort., map ; _c23 cm. |
||
| 504 | _a"John Jacob's writings": p. 401-403. | ||
| 504 | _aIncludes bibliographical references and index. | ||
| 600 | 1 | 0 |
_aJacob, John, _d1812-1858. _983892 |
| 651 | 0 |
_aSindh (Pakistan) _xHistory. _980952 |
|
| 651 | 0 |
_aIndia _xHistory _y19th century. _983891 |
|
| 942 |
_2ddc _cBK |
||
| 999 |
_c27321 _d27321 |
||